000 00799cam a2200265 4500
008 090401t1993 xxu||||| |||| 00| 0 eng d
020 _a0751400564
035 _a(Sirsi) u23378
041 _aeng
050 _a658.202
245 _aLife cycle costing for construction.
260 _aLondon
_bBlackie Academic & Professional
_c1993
300 _ax,159p. ; 24cm.
350 _a0
650 _aBUILDING INDUSTRY
650 _aDEFENCE INDUSTRY
650 _aHEALTH SERVICES
650 _aLIFE CYCLE COSTING
650 _aBUILT ENVIRONMENT-BUILDING MAINTENANCE AND REFURBISHMENT
650 _aPROPERTY-INFRASTRUCTURE-TRANSPORT INFRASTRUCTURE-ROAD INFRASTRUCTURE
690 _aBUILT ENVIRONMENT-BUILDING COSTS
700 _aBull, John W.
_xEditor
942 _n0
948 _c04/03/1997
999 _c88393
_d88393